Step forward : Language for everyday life
Step Forward is a standards-based, four-skills course that integrates language instruction into meaningful, real-life contexts. The program ensures learners' mastery of the language related to civics, the workplace, the community, and academics.
Đã lưu trong:
| Príomhúdar: | |
|---|---|
| Formáid: | Leabhar |
| Teanga: | Undetermined |
| Foilsithe: |
New York
Oxford University Press
2007
|
| Ábhair: | |
| Clibeanna: |
Cuir Clib Leis
Gan Chlibeanna, Bí ar an gcéad duine leis an taifead seo a chlibeáil!
|
| Thư viện lưu trữ: | Trung tâm Học liệu Trường Đại học Cần Thơ |
|---|
| LEADER | 01031nam a2200229Ia 4500 | ||
|---|---|---|---|
| 001 | CTU_134066 | ||
| 008 | 210402s9999 xx 000 0 und d | ||
| 020 | |c 56000 | ||
| 082 | |a 428.24 | ||
| 082 | |b A231/B.4 | ||
| 100 | |a Adelson-Goldstein, Jayme | ||
| 245 | 0 | |a Step forward : | |
| 245 | 0 | |b Language for everyday life | |
| 245 | 0 | |c Jayme Adelson-Goldsteis ; Lise Wanage | |
| 260 | |a New York | ||
| 260 | |b Oxford University Press | ||
| 260 | |c 2007 | ||
| 520 | |a Step Forward is a standards-based, four-skills course that integrates language instruction into meaningful, real-life contexts. The program ensures learners' mastery of the language related to civics, the workplace, the community, and academics. | ||
| 650 | |a English language,English language,Anh ngữ,Anh ngữ,Adult education | ||
| 650 | |x Textbooks for foreign students,Problems, exercises,etc,Giáo trình dành cho sinh viên,Bài tập, bài giải,vv... | ||
| 904 | |i Tuyến | ||
| 980 | |a Trung tâm Học liệu Trường Đại học Cần Thơ | ||